000 00431nam a2200181Ia 4500
001 18155
005 20260306171610.0
008 260306s9999||||xx |||||||||||||| ||und||
041 _aESP
082 _a658.4012
_bM61
100 _aMintzberg, Henry
_eAUT
245 0 _aEl proceso estratégico:
_bconceptos, contextos y casos
260 _c1997
300 _a
_c
650 _aGEN
654 _aCAN
942 _cLIB
_dJUS
_fJUS
_2ddc
_n
999 _c18155
_d18155